[Event "Asia Cities-ch 19th"]
[Site "Kalutara "]
[Date "2015.07.25"]
[Round "5"]
[White "Liu, Yeh Yang"]
[Black "Fuad, Ahamed"]
[Result "1-0"]
[WhiteElo "1945"]
[BlackElo "1797"]
[PlyCount "111"]
[EventDate "2015.07.22"]
[EventType "team-tourn"]
[EventRounds "9"]
[EventCountry "SRI"]
[SourceTitle "EXT 2020"]
[Source "ChessBase"]
[SourceDate "2019.10.17"]
[SourceVersion "1"]
[SourceVersionDate "2019.10.17"]
[SourceQuality "1"]
[WhiteTeam "Taiwan"]
[BlackTeam "Male"]
[WhiteTeamCountry "TPE"]
[BlackTeamCountry "MDV"]

1. e4 e6 2. d4 d5 3. Nc3 Nf6 4. Bg5 dxe4 5. Nxe4 Be7 6. Bxf6 gxf6 7. Nf3 Rg8 8. g3 b6 9. Bb5+ Kf8 10. Qd2 Bb7 11. Qh6+ Rg7 12. Bd3 f5 13. Ned2 c5 14. dxc5 Nc6 15. a3 Nd4 16. Nxd4 Qxd4 17. Rf1 Bg5 18. Qh5 Qxb2 19. Rb1 Qc3 20. f4 Bf6 21. cxb6 axb6 22. Rxb6 Bg2 23. Rb3 Qa1+ 24. Rb1 Qd4 25. Rf2 Bd5 26. Nf3 Qe3+ 27. Kf1 Rxa3 28. Re1 Qa7 29. Ne5 Bxe5 30. Rxe5 Ra1+ 31. Re1 Rxe1+ 32. Kxe1 f6 33. Re2 Rb7 34. Qh6+ Ke7 35. Qg7+ Kd6 36. Qxf6 Rb1+ 37. Kd2 Qa5+ 38. c3 Rb2+ 39. Ke3 Rb3 40. Qe5+ Kd7 41. Rc2 Qa1 42. Kd2 Qg1 43. Qe2 Rb1 44. c4 Bf3 45. Qe5 Qxh2+ 46. Kc3 Qxg3 47. Rd2 Be4 48. Kc2 Bxd3+ 49. Rxd3+ Qxd3+ 50. Kxd3 h5 51. c5 Rd1+ 52. Ke2 Rd5 53. c6+ Kxc6 54. Qxe6+ Kc5 55. Qh6 Rd4 56. Qf8+ 1-0

[Event "Asia Cities-ch 19th"]
[Site "Kalutara "]
[Date "2015.07.23"]
[Round "2"]
[White "Fuad, Ahamed"]
[Black "Hj, Azahari Siti Nur Fa"]
[Result "0-1"]
[WhiteElo "1797"]
[BlackElo "2094"]
[PlyCount "81"]
[EventDate "2015.07.22"]
[EventType "team-tourn"]
[EventRounds "9"]
[EventCountry "SRI"]
[SourceTitle "EXT 2020"]
[Source "ChessBase"]
[SourceDate "2019.10.17"]
[SourceVersion "1"]
[SourceVersionDate "2019.10.17"]
[SourceQuality "1"]
[WhiteTeam "Male"]
[BlackTeam "Bandar Seri Begawan"]
[WhiteTeamCountry "MDV"]
[BlackTeamCountry "BRN"]

1. d4 Nf6 2. c4 c5 3. d5 b5 4. Qc2 g6 5. e4 d6 6. f4 Nbd7 7. Nc3 Bg7 8. cxb5 a6 9. Nf3 0-0 10. a4 axb5 11. Bxb5 Ba6 12. 0-0 Bxb5 13. Nxb5 Qb6 14. Ra3 Rfb8 15. Kh1 Ne8 16. f5 Nc7 17. Nxc7 Qxc7 18. fxg6 hxg6 19. Ng5 Bf6 20. Qf2 Kg7 21. Nh3 Rb4 22. g4 Rf8 23. Qf4 Kg8 24. a5 c4 25. g5 Bxb2 26. Bxb2 Rxb2 27. Qc1 Rb4 28. Nf2 Ne5 29. a6 Ra8 30. Qc3 Qb6 31. Qa1 Rb2 32. Nd1 Rb1 33. Qa2 Nd3 34. Qc2 Rc1 35. Qd2 Qd4 36. Ne3 Rxf1+ 37. Nxf1 Qxe4+ 38. Kg1 Qxd5 39. Ra1 Qf3 40. Ne3 Rxa6 41. Nxc4 0-1